Komíny : Stavba,rekonstrukce,údržba

Gespeichert in:
Bibliographische Detailangaben
1. Verfasser: Jiřík, František (Verfasst von)
Format: Buch
Sprache:Tschechisch
Veröffentlicht: Praha : Grada, 2000
Ausgabe:1.vyd.-dotlač
Tags: Tag hinzufügen
Keine Tags, Fügen Sie das erste Tag hinzu!

MARC

LEADER 00000nam a22000003a 4500
001 stu73092
005 20150617225647.0
008 011220s2000----xr------------------cze-d
020 |a 80-7169-849-0 
040 |a STU  |b slo 
041 0 |a cze 
044 |a xr 
080 |a 697.8 
100 1 |a Jiřík, František  |4 aut 
245 1 |a Komíny :  |b Stavba,rekonstrukce,údržba 
250 |a 1.vyd.-dotlač 
260 |a Praha :  |b Grada,  |c 2000 
300 |a 123 s.;schémy 
996 |b 284V027361  |c V*47206/O-20769  |l VVT  |s A  |a 24  |w stu73092_0001 
996 |b 284V000390  |c V*47207/O-20769a  |l VVS  |s A  |a 24  |w stu73092_0002